Alle Pokémon - Gigadynamax Formen - Statistiken

Allgemein
  • Dieses Quiz wurde 46 mal gespielt
  • Das Durchschnittsergebnis liegt bei 22 aus 32
Antwortstatistiken
Typ Pokémon % Korrekt
Feuer / Flug Glurak
100%
Pflanze / Gift Bisaflor
93%
Elektro ⚡ Pikachu
93%
Wasser 💧 Turtok
93%
Geist / Gift Gengar
86%
Feuer / Käfer Infernopod
79%
Elektro / Gift Riffex
75%
Pflanze / Drache Drapfel
71%
Wasser / Eis Lapras
71%
Feuer 🔥 Liberlo
71%
Kampf 👊 Machomei
71%
Pflanze / Drache Schlapfel
71%
Stahl / Drache Duraludon
68%
Normal ✳ Evoli
68%
Flug / Stahl Krarmor
68%
Gift ☠ Deponitox
64%
Pflanze 🌿 Gortrom
64%
Wasser / Gestein Kamalm
64%
Normal ✳ Mauzi
64%
Gestein / Feuer Montecarbo
64%
Unlicht / Fee Olangaar
64%
Käfer / Flug Smettbo
64%
Wasser 💧 Intelleon
61%
Boden 🏜 Sanaconda
61%
Käfer / Psycho Maritellit
57%
Fee 🧚🏼‍♂️ Pokusan
57%
Normal ✳ Relaxo
57%
Psycho / Fee Silembrim
57%
Kampf / Unlicht / Wasser Wulaosu
57%
Wasser 💧 Kingler
43%
Stahl 🚃 Melmetal
43%
Stahl 🚃 Patinaraja
39%
Keine übereinstimmenden Quizze gefunden
Verteilung der Resultate
Anzahl Personen mit jedem Resultat
Perzentil nach korrekt beantworteten Fragen
Ihre Resultats-Entwicklung
Sie haben dieses Quiz noch nicht gespielt